[Event "Roskilde op"]
[Site "Roskilde"]
[Date "1998.??.??"]
[Round "2"]
[White "Sylvan, Jacob"]
[Black "Hector, Jonny"]
[Result "0-1"]
[WhiteElo "2290"]
[BlackElo "2505"]
[PlyCount "68"]
[EventDate "1998.07.17"]
[Source "ChessBase"]

1. e4 e5 2. Nf3 Nc6 3. Bb5 Bc5 4. O-O Nd4 5. Nxd4 Bxd4 6. c3 Bb6 7. d4 c6 8.
Bc4 d6 9. dxe5 dxe5 10. Qxd8+ Bxd8 11. a4 a5 12. Be3 Nf6 13. f3 Nd7 14. Rd1 Bb6
15. Kf2 Bxe3+ 16. Kxe3 Ke7 17. Na3 Nc5 18. b3 g6 19. Rab1 f5 20. Bd3 Be6 21.
Bc2 f4+ 22. Ke2 g5 23. Rd2 h5 24. Rbd1 g4 25. Kf2 gxf3 26. gxf3 Rhg8 27. Rg1
Rxg1 28. Kxg1 Rg8+ 29. Kf2 Bxb3 30. Bxb3 Nxb3 31. Rd1 h4 32. Nc4 h3 33. Nxe5
Rg2+ 34. Kf1 Ke6 0-1

[Event "Roskilde op"]
[Site "Roskilde"]
[Date "1998.??.??"]
[Round "4"]
[White "Andreasen, Per"]
[Black "Hector, Jonny"]
[Result "0-1"]
[WhiteElo "2290"]
[BlackElo "2505"]
[PlyCount "30"]
[EventDate "1998.07.17"]
[Source "ChessBase"]

1. c4 Nf6 2. Nf3 c6 3. b3 d5 4. Bb2 Bg4 5. d3 Bxf3 6. exf3 Nbd7 7. f4 e6 8. g3
Bb4+ 9. Bc3 Bxc3+ 10. Nxc3 Qa5 11. Qd2 dxc4 12. bxc4 Nc5 13. Rb1 O-O-O 14. Be2
Rxd3 15. Bxd3 Rd8 0-1

[Event "BL2-N 9899"]
[Site "Germany"]
[Date "1998.10.18"]
[Round "1.3"]
[White "Apel, Stefan"]
[Black "Hector, Jonny"]
[Result "0-1"]
[WhiteElo "2310"]
[BlackElo "2510"]
[PlyCount "62"]
[EventDate "1998.10.??"]
[Source "ChessBase"]

1. e4 e5 2. Nf3 Nc6 3. Bc4 Nf6 4. d3 Bc5 5. Nc3 d6 6. Bg5 h6 7. Bxf6 Qxf6 8.
Nd5 Qd8 9. c3 Ne7 10. d4 Nxd5 11. dxc5 Nf4 12. O-O Qf6 13. cxd6 cxd6 14. g3 Bh3
15. Nd2 O-O 16. Re1 Rad8 17. Qf3 Qg6 18. Nf1 Bg4 19. Qe3 Nh3+ 20. Kg2 b5 21.
Bb3 Kh8 22. f3 Bc8 23. Qxa7 Ng5 24. Nd2 f5 25. exf5 Qxf5 26. Re3 d5 27. Rf1 d4
28. cxd4 Rxd4 29. Rf2 Rxd2 30. Rxd2 Nxf3 31. Rd1 Qh3+ 0-1

[Event "BL2-N 9899"]
[Site "Germany"]
[Date "1999.02.21"]
[Round "6.3"]
[White "Hector, Jonny"]
[Black "Boehnisch, Manfred"]
[Result "0-1"]
[WhiteElo "2510"]
[BlackElo "2335"]
[PlyCount "84"]
[EventDate "1998.10.??"]
[Source "ChessBase"]

1. e4 c6 2. d4 d5 3. Nd2 dxe4 4. Nxe4 Bf5 5. Ng3 Bg6 6. h4 h6 7. Nf3 Nd7 8. h5
Bh7 9. Bd3 Bxd3 10. Qxd3 Ngf6 11. Bd2 e6 12. O-O-O Qc7 13. Qe2 O-O-O 14. Ne5
Nb6 15. Ba5 Rd5 16. Bxb6 axb6 17. f4 b5 18. c3 Nd7 19. Ne4 Nb6 20. Rhf1 Kb8 21.
g4 Bd6 22. g5 Nc4 23. g6 f6 24. Nxd6 Nxd6 25. Nd3 Re8 26. Rde1 Nf5 27. Qg4 Ka7
28. Re2 b6 29. Rfe1 c5 30. Kb1 cxd4 31. Nb4 Rc5 32. Nd3 Rd5 33. Rc1 dxc3 34.
Rxc3 Qd6 35. Nc1 b4 36. Rc4 Nd4 37. Rd2 Rd8 38. Qg1 Qxf4 39. Qf2 Qe4+ 40. Ka1
Nb3+ 41. Nxb3 Qxc4 42. Rxd5 Rxd5 0-1

[Event "BL2-N 9899"]
[Site "Germany"]
[Date "1999.03.21"]
[Round "8.1"]
[White "Hector, Jonny"]
[Black "Stern, Rene"]
[Result "0-1"]
[WhiteElo "2510"]
[BlackElo "2465"]
[PlyCount "86"]
[EventDate "1998.10.??"]
[Source "ChessBase"]

1. e4 e5 2. Nf3 Nc6 3. Nc3 Nf6 4. g3 Bc5 5. Bg2 d6 6. d3 a6 7. Be3 Bxe3 8. fxe3
Ne7 9. Nh4 O-O 10. Qd2 c6 11. d4 Qc7 12. a4 Ng6 13. Nf5 exd4 14. exd4 Bxf5 15.
exf5 Rae8+ 16. Ne2 Ne7 17. O-O Ned5 18. Ra3 Re7 19. Nf4 Nxf4 20. Qxf4 Rfe8 21.
Bf3 h6 22. c4 Qd8 23. b4 Re1 24. Ra2 R1e3 25. Rff2 Rc3 26. Rac2 Re1+ 27. Kg2
Rxc2 28. Rxc2 Rb1 29. Qd2 Qd7 30. g4 d5 31. Rc1 Rb3 32. c5 h5 33. h3 Ne4 34.
Qf4 Rxb4 35. g5 Qe7 36. h4 Rxd4 37. Bxh5 Rd2+ 38. Kg1 f6 39. Qb8+ Qf8 40. Qf4
fxg5 41. hxg5 Rf2 42. Qe5 Qxf5 43. Qe8+ Kh7 0-1

[Event "BL2-N 9899"]
[Site "Germany"]
[Date "1999.04.18"]
[Round "9.3"]
[White "Becker, Walter"]
[Black "Hector, Jonny"]
[Result "0-1"]
[WhiteElo "2305"]
[BlackElo "2510"]
[PlyCount "52"]
[EventDate "1998.10.??"]
[Source "ChessBase"]

1. e4 e5 2. Nf3 Nc6 3. Nc3 Nf6 4. Bb5 Bd6 5. d3 h6 6. a3 O-O 7. h3 Re8 8. Be3
Ne7 9. O-O Ng6 10. Re1 c6 11. Ba4 Bc7 12. d4 exd4 13. Bxd4 d6 14. Bb3 Be6 15.
Bxf6 Qxf6 16. Bxe6 Rxe6 17. Nd4 Bb6 18. Nf5 d5 19. Qf3 Rae8 20. g4 Ne5 21. Qg3
Nc4 22. Re2 dxe4 23. Rae1 e3 24. f3 Ba5 25. Qf4 Bxc3 26. bxc3 Qxc3 0-1

[Event "Oxford GM-A"]
[Site "Oxford"]
[Date "1998.12.21"]
[Round "7"]
[White "Turner, Matthew"]
[Black "Hector, Jonny"]
[Result "0-1"]
[WhiteElo "2475"]
[BlackElo "2510"]
[PlyCount "82"]
[EventDate "1998.12.14"]
[Source "ChessBase"]

1. e4 e5 2. Nf3 Nc6 3. Bb5 a6 4. Ba4 Nf6 5. O-O Bc5 6. c3 b5 7. Bb3 d6 8. a4
Bg4 9. d3 O-O 10. Nbd2 Qd7 11. Re1 Rad8 12. Nf1 d5 13. exd5 Nxd5 14. axb5 axb5
15. h3 Bxf3 16. Qxf3 Nde7 17. Be3 Bxe3 18. Rxe3 Kh8 19. Rd1 f5 20. Ree1 Rf6 21.
Nh2 Ng6 22. g3 Na5 23. Bc2 c5 24. Qh5 b4 25. Nf3 b3 26. Bb1 Nc6 27. d4 cxd4 28.
cxd4 e4 29. Ne5 Qd5 30. Nxc6 Rxc6 31. Qg5 Nf8 32. g4 Rg6 33. Qe3 h5 34. f3 exf3
35. Bd3 hxg4 36. hxg4 Rxg4+ 37. Kf2 Rg2+ 38. Kf1 Rd6 39. Qe8 Rf6 40. Bb5 Qxb5+
41. Qxb5 Rh6 0-1

[Event "Oxford GM-A"]
[Site "Oxford"]
[Date "1998.12.23"]
[Round "9"]
[White "Wells, Peter K"]
[Black "Hector, Jonny"]
[Result "0-1"]
[WhiteElo "2515"]
[BlackElo "2510"]
[PlyCount "102"]
[EventDate "1998.12.14"]
[Source "ChessBase"]

1. e4 e5 2. Nf3 Nc6 3. d4 exd4 4. Nxd4 Qf6 5. Be3 Bc5 6. c3 Qg6 7. Nd2 Nf6 8.
f4 Nxd4 9. cxd4 Bb4 10. f5 Qg4 11. Qxg4 Nxg4 12. Bf4 d5 13. Bd3 dxe4 14. Bxe4
Nf6 15. O-O Nxe4 16. Nxe4 Bxf5 17. Nc5 Bxc5 18. dxc5 O-O-O 19. Bxc7 Kxc7 20.
Rxf5 f6 21. Rf2 Rd4 22. Re1 Rhd8 23. Rfe2 Rc4 24. Re8 Rxc5 25. R1e7+ Rd7 26.
Rxd7+ Kxd7 27. Rg8 Rc1+ 28. Kf2 Rc2+ 29. Kf3 g5 30. Rg7+ Kc6 31. Rxh7 Rxb2 32.
Rh6 Rxa2 33. Rxf6+ Kd5 34. Rf5+ Kc4 35. Rxg5 b5 36. Rg8 b4 37. Rc8+ Kd3 38. Rb8
Kc3 39. h4 b3 40. h5 Ra6 41. g4 Rf6+ 42. Kg3 b2 43. Rxb2 Kxb2 44. g5 Rf1 45. g6
a5 46. Kg4 Rh1 47. Kg5 a4 48. h6 a3 49. g7 a2 50. h7 a1=Q 51. g8=Q Qc1+ 0-1

[Event "Excelsior Cup"]
[Site "Gothenburg"]
[Date "1999.01.14"]
[Round "8"]
[White "Hector, Jonny"]
[Black "Marin, Mihail"]
[Result "0-1"]
[WhiteElo "2542"]
[BlackElo "2527"]
[PlyCount "70"]
[EventDate "1999.01.07"]
[Source "ChessBase"]

1. e4 d6 2. d4 Nf6 3. Nc3 g6 4. f4 Bg7 5. Nf3 O-O 6. Bd3 Na6 7. O-O c5 8. d5
Rb8 9. Qe2 Nc7 10. a4 a6 11. a5 b5 12. axb6 Rxb6 13. Ra2 e6 14. dxe6 Bxe6 15.
b3 Qc8 16. f5 gxf5 17. exf5 Bxf5 18. Bxf5 Qxf5 19. Nh4 Qe5 20. Qxe5 dxe5 21.
Ra5 Rc6 22. Na4 Ne6 23. Nf5 Re8 24. Bb2 Nd7 25. Nc3 Nd4 26. Rd1 Nxf5 27. Rxd7
e4 28. g4 Bd4+ 29. Kf1 Ne3+ 30. Ke2 Rh6 31. h4 Rxh4 32. Rxd4 cxd4 33. Rg5+ Kh8
34. Nd1 Rh2+ 35. Nf2 Rxf2+ 0-1

[Event "Hampstead GM 5th"]
[Site "London"]
[Date "1999.04.15"]
[Round "9"]
[White "Hector, Jonny"]
[Black "Barsov, Alexei"]
[Result "0-1"]
[WhiteElo "2542"]
[BlackElo "2504"]
[PlyCount "94"]
[EventDate "1999.04.??"]
[Source "ChessBase"]

1. Nc3 d5 2. d4 e6 3. Nf3 Nf6 4. Bg5 h6 5. Bxf6 Qxf6 6. e4 Bb4 7. Bd3 dxe4 8.
Bxe4 O-O 9. O-O Rd8 10. Qe2 Nd7 11. Nd1 Bf8 12. Ne3 c5 13. c3 Qf4 14. Bc2 Nf6
15. Rad1 cxd4 16. cxd4 Qc7 17. Rc1 Qe7 18. Bb3 Bd7 19. Ne5 Be8 20. Rcd1 a5 21.
a3 Ra6 22. f4 g6 23. Rf3 Rad6 24. Nc2 a4 25. Ba2 Nd5 26. Qf2 Rc8 27. g4 Bg7 28.
Re1 Qc7 29. Re2 Bb5 30. Rd2 Ne7 31. Ne3 Qd8 32. Nd1 Nc6 33. d5 Bxe5 34. fxe5
Nxe5 35. Rg3 exd5 36. Qe3 Qg5 37. Bxd5 Rcd8 38. Nc3 Bc6 39. Ne4 Qxe3+ 40. Rxe3
Nxg4 41. Nxd6 Nxe3 42. Bxf7+ Kg7 43. Ba2 Bd5 44. Rxd5 Nxd5 45. Nxb7 Rd7 46. Nc5
Rd6 47. Nxa4 Nb6 0-1

[Event "VISA Nordic GP Final"]
[Site "Gentofte"]
[Date "1999.08.19"]
[Round "12"]
[White "Hector, Jonny"]
[Black "Olafsson, Helgi"]
[Result "0-1"]
[WhiteElo "2505"]
[BlackElo "2490"]
[PlyCount "78"]
[EventDate "1999.08.05"]
[Source "ChessBase"]

1. e4 c6 2. d4 d5 3. Nc3 dxe4 4. Nxe4 Nd7 5. Bc4 Ngf6 6. Ng5 e6 7. Qe2 Nb6 8.
Bd3 h6 9. N5f3 c5 10. Be3 Qc7 11. Ne5 cxd4 12. Bxd4 a6 13. Ng6 fxg6 14. Bxg6+
Kd8 15. O-O-O Bd7 16. Nf3 Bd6 17. Ne5 Bxe5 18. Bxe5 Qc4 19. Qf3 Nbd5 20. Rd4
Qxa2 21. Rhd1 Rc8 22. c3 Qa1+ 23. Bb1 Rf8 24. Rg4 Nh7 25. Qg3 g5 26. h4 Nhf6
27. Qf3 Ke7 28. Rgd4 Ba4 29. hxg5 hxg5 30. R1d3 Bb3 31. Rb4 Ba2 32. Bxf6+ Rxf6
33. Rxb7+ Rc7 34. Rxc7+ Nxc7 35. Qb7 Qxb1+ 36. Kd2 Rxf2+ 37. Ke3 Qe1+ 38. Kd4
Rf4+ 39. Kc5 Rc4+ 0-1

[Event "Vikings GM"]
[Site "York"]
[Date "1999.12.16"]
[Round "4"]
[White "Hector, Jonny"]
[Black "Hillarp Persson, Tiger"]
[Result "0-1"]
[WhiteElo "2505"]
[BlackElo "2507"]
[PlyCount "62"]
[EventDate "1999.12.13"]
[Source "ChessBase"]

1. e4 e6 2. d4 d5 3. Nc3 Bb4 4. e5 c5 5. a3 Bxc3+ 6. bxc3 Ne7 7. h4 Nbc6 8. h5
Qa5 9. Bd2 Bd7 10. h6 gxh6 11. Nf3 O-O-O 12. Bd3 c4 13. Be2 Ng8 14. a4 Rf8 15.
Qc1 f6 16. Qa3 Rf7 17. Bf4 Nge7 18. exf6 Rxf6 19. Bxh6 Rg8 20. Kf1 Nf5 21. Bd2
Rfg6 22. g3 e5 23. Rxh7 e4 24. Ne5 Nxe5 25. dxe5 e3 26. Bxe3 Nxe3+ 27. fxe3
Rxg3 28. Kf2 Qb6 29. Rf1 Rxe3 30. a5 Rg2+ 31. Kxg2 Qg6+ 0-1

[Event "Vikings GM"]
[Site "York"]
[Date "1999.12.18"]
[Round "6"]
[White "Hector, Jonny"]
[Black "Barsov, Alexei"]
[Result "0-1"]
[WhiteElo "2505"]
[BlackElo "2539"]
[PlyCount "74"]
[EventDate "1999.12.13"]
[Source "ChessBase"]

1. e4 e6 2. d4 d5 3. Nc3 Bb4 4. e5 c5 5. a3 Ba5 6. b4 cxd4 7. Nb5 Bc7 8. f4 Bd7
9. Nxd4 Nh6 10. Ngf3 Bb6 11. Bd3 Nc6 12. c3 Bxd4 13. cxd4 Nf5 14. Bb2 Qb6 15.
Be2 Na5 16. Kf2 Nc4 17. Bc1 h5 18. g3 O-O-O 19. Rb1 f6 20. a4 Kb8 21. Re1 Be8
22. Bd3 Bg6 23. a5 Qc6 24. b5 Qd7 25. Bd2 Rc8 26. Bb4 Ka8 27. Bc5 Qf7 28. Qa4
h4 29. Bxc4 hxg3+ 30. hxg3 dxc4 31. Qxc4 Nxg3 32. Kxg3 Bxb1 33. exf6 gxf6 34.
Qxe6 Rhg8+ 35. Kf2 Qg6 36. a6 Qg2+ 37. Ke3 Rge8 0-1

[Event "Vikings GM"]
[Site "York"]
[Date "1999.12.22"]
[Round "10"]
[White "Rowson, Jonathan"]
[Black "Hector, Jonny"]
[Result "0-1"]
[WhiteElo "2490"]
[BlackElo "2505"]
[PlyCount "106"]
[EventDate "1999.12.13"]
[Source "ChessBase"]

1. d4 d5 2. c4 c6 3. Nf3 Nf6 4. e3 Bf5 5. Nc3 e6 6. Nh4 Be4 7. f3 Bg6 8. Qb3
Qb6 9. Nxg6 hxg6 10. Bd2 Nbd7 11. O-O-O Be7 12. Kb1 Qxb3 13. axb3 Bd6 14. h3
Nh5 15. Bd3 O-O-O 16. Ne2 Ng3 17. Nxg3 Bxg3 18. Kc2 f5 19. Ra1 a6 20. Rhc1 Nf6
21. Ba5 Rde8 22. Rf1 Kd7 23. Rad1 g5 24. Bd2 Bd6 25. Rfe1 Bg3 26. Rf1 Rc8 27.
Kb1 Rh5 28. Bc1 Ke7 29. Be2 g6 30. Rd2 Rd8 31. Rc2 Kf7 32. Rd2 Bd6 33. Rdd1 Bb4
34. e4 f4 35. e5 Ng8 36. g3 Rxh3 37. gxf4 Ne7 38. fxg5 Rdh8 39. Bd3 R8h4 40.
Be3 Rh2 41. Kc1 Kg7 42. Rf2 Rxf2 43. Bxf2 Rh3 44. Be2 Nf5 45. Bg1 Be7 46. Kc2
Bxg5 47. Kc3 Rg3 48. Kb4 Be7+ 49. Kc3 a5 50. c5 Bg5 51. Kd3 Rg2 52. b4 axb4 53.
Re1 Bf4 0-1

[Event "Skelleftea op"]
[Site "Skelleftea"]
[Date "2000.??.??"]
[Round "4"]
[White "Ziegler, Ari"]
[Black "Hector, Jonny"]
[Result "0-1"]
[WhiteElo "2372"]
[BlackElo "2515"]
[PlyCount "80"]
[EventDate "2000.??.??"]
[Source "ChessBase"]

1. Nf3 d5 2. g3 Bg4 3. Bg2 Nd7 4. c4 e6 5. b3 Bd6 6. Bb2 Ngf6 7. d3 c6 8. Nbd2
h6 9. O-O O-O 10. Qc2 Re8 11. e4 e5 12. h3 Bh5 13. Nh4 dxe4 14. dxe4 Bc5 15.
Ndf3 Qc7 16. Rad1 Nf8 17. Bc3 a5 18. Rd2 N6d7 19. Rfd1 f6 20. Nf5 Red8 21. Qb2
Ne6 22. a3 Bf8 23. b4 axb4 24. axb4 Nb6 25. Qb3 Bf7 26. Bf1 Rxd2 27. Bxd2 c5
28. Ne3 cxb4 29. Bxb4 Nc5 30. Qb1 Bg6 31. Nd2 Ra4 32. Nd5 Nxd5 33. cxd5 Qb6 34.
Bxc5 Qxc5 35. Qxb7 Ra3 36. Bc4 Rxg3+ 37. Kf1 Rc3 38. Bb3 Bd6 39. Ra1 Qd4 40.
Ra8+ Kh7 0-1

[Event "Pyramiden Franken Cup 3rd"]
[Site "Fuerth"]
[Date "2000.08.24"]
[Round "6"]
[White "Seibold, Hubert1"]
[Black "Hector, Jonny"]
[Result "0-1"]
[WhiteElo "2296"]
[BlackElo "2509"]
[PlyCount "48"]
[EventDate "2000.08.19"]
[Source "ChessBase"]

1. e4 e5 2. Nf3 Nc6 3. Nc3 Nf6 4. Bb5 Bd6 5. d3 h6 6. a3 b6 7. Bxc6 dxc6 8. h3
c5 9. Be3 Nd7 10. Qd2 Bb7 11. g4 h5 12. O-O-O Nf8 13. Rdg1 Ne6 14. Nb5 Qd7 15.
Nxd6+ cxd6 16. c4 b5 17. cxb5 Qxb5 18. Qc2 Ba6 19. Rd1 Rb8 20. Kb1 hxg4 21.
hxg4 Rxh1 22. Rxh1 Qxd3 23. Rd1 Qxc2+ 24. Kxc2 Be2 0-1

[Event "Vikings GM 2nd"]
[Site "York"]
[Date "2000.12.13"]
[Round "1"]
[White "Barsov, Alexei"]
[Black "Hector, Jonny"]
[Result "0-1"]
[WhiteElo "2534"]
[BlackElo "2509"]
[PlyCount "120"]
[EventDate "2000.12.13"]
[Source "ChessBase"]

1. d4 d5 2. Bg5 h6 3. Bh4 c6 4. e3 Qb6 5. Qc1 Bf5 6. Nf3 e6 7. c4 Be7 8. Bg3
Nf6 9. Nc3 O-O 10. c5 Qd8 11. h3 a5 12. Be2 Nbd7 13. Ne5 Nxe5 14. Bxe5 Nd7 15.
Bg3 b6 16. cxb6 Qxb6 17. O-O Rfc8 18. Qd2 a4 19. a3 c5 20. Nb5 Ra5 21. Nd6 Bxd6
22. Bxd6 cxd4 23. Rac1 Raa8 24. Bb4 dxe3 25. fxe3 Nf6 26. Qd4 Qxd4 27. exd4 Bc2
28. Bb5 Bb3 29. Be7 Ne4 30. Bd7 Rxc1 31. Rxc1 Ra7 32. Rc8+ Kh7 33. Rd8 Rc7 34.
Bb4 h5 35. h4 Kg6 36. Bb5 Rc1+ 37. Kh2 Rc2 38. Rg8 Kh7 39. Rf8 Rf2 40. Be1 Rf4
41. Ra8 Nf6 42. Bxa4 Bxa4 43. Rxa4 Rf1 44. Ba5 Ng4+ 45. Kg3 f6 46. Bc7 Re1 47.
Bf4 e5 48. dxe5 fxe5 49. Bg5 Kg6 50. Rb4 d4 51. a4 Ra1 52. b3 Kf5 53. Rb5 Ke4
54. Rb7 Ne3 55. Rb5 Rd1 56. Kf2 Ng4+ 57. Ke2 Rg1 58. a5 Rxg2+ 59. Kf1 Ra2 60.
Bd8 Kf3 0-1

[Event "Vikings GM 2nd"]
[Site "York"]
[Date "2000.12.18"]
[Round "6"]
[White "Wells, Peter K"]
[Black "Hector, Jonny"]
[Result "0-1"]
[WhiteElo "2506"]
[BlackElo "2509"]
[PlyCount "90"]
[EventDate "2000.12.13"]
[Source "ChessBase"]

1. e4 e5 2. Nf3 Nc6 3. d4 exd4 4. Nxd4 Qf6 5. Nxc6 dxc6 6. Bd3 Ne7 7. O-O Ng6
8. f4 Bc5+ 9. Kh1 Qh4 10. Nc3 Bg4 11. Qe1 Qxe1 12. Rxe1 f6 13. e5 O-O-O 14. h3
Bd7 15. e6 Be8 16. Ne4 Bb4 17. Rf1 Ne7 18. a3 Bd6 19. b4 Bg6 20. Bb2 Bf5 21.
Rae1 Rhe8 22. g4 Bxe4+ 23. Bxe4 h5 24. g5 f5 25. Bd3 g6 26. Bf6 c5 27. b5 Nd5
28. Bc4 Be7 29. Bb2 Nb6 30. Be2 Rd2 31. Bd3 c4 32. Bc1 cxd3 33. Bxd2 Nc4 34.
Bc3 dxc2 35. Rf2 Nxa3 36. Bb2 Nxb5 37. Rxc2 Bd6 38. Rc4 b6 39. Bf6 Bc5 40. Kg2
Nd6 41. Ra4 a5 42. Bc3 Nb7 43. Ra2 Bd6 44. Kf3 Nc5 45. Rae2 Nd3 0-1

[Event "Skelleftea Solett op"]
[Site "Skelleftea"]
[Date "2001.04.11"]
[Round "2"]
[White "Tikkanen, Kari"]
[Black "Hector, Jonny"]
[Result "0-1"]
[WhiteElo "2290"]
[BlackElo "2546"]
[PlyCount "90"]
[EventDate "2001.04.10"]
[Source "ChessBase"]

1. d4 d5 2. Nf3 Nf6 3. Bg5 Ne4 4. Bf4 c5 5. e3 Qb6 6. Qc1 Nc6 7. c3 Bf5 8. Be2
Rc8 9. O-O g6 10. dxc5 Qxc5 11. Nbd2 Bg7 12. Nb3 Qb6 13. Nbd4 Bd7 14. Nxc6 bxc6
15. Ne5 Be6 16. h3 f6 17. Nd3 Bf7 18. Bh2 O-O 19. Kh1 c5 20. f3 Nd6 21. Bg1 Bh6
22. f4 c4 23. Ne1 Ne4 24. Kh2 Rb8 25. Rb1 Qa5 26. Ra1 Rb7 27. Bf3 Rfb8 28. Bxe4
dxe4 29. Rf2 Rd7 30. Rd2 Rbd8 31. Rd4 e5 32. fxe5 Rxd4 33. cxd4 fxe5 34. dxe5
Bg7 35. Kh1 Bxe5 36. Nc2 Rd2 37. Nd4 Bxd4 38. exd4 Qg5 39. Qf1 Bd5 40. Re1 e3
41. Re2 Qh5 42. Rxe3 Bxg2+ 43. Qxg2 Rxg2 44. Kxg2 Qb5 45. b3 Qc6+ 0-1

[Event "SWE-ch"]
[Site "Linkoping"]
[Date "2001.07.01"]
[Round "1"]
[White "Hector, Jonny"]
[Black "Carlsson, Pontus"]
[Result "0-1"]
[WhiteElo "2532"]
[BlackElo "2316"]
[PlyCount "94"]
[EventDate "2001.06.30"]
[Source "ChessBase"]

1. d4 Nf6 2. Nc3 e6 3. e4 d5 4. Bg5 Be7 5. e5 Nfd7 6. h4 Nc6 7. Nf3 Nb6 8. a3
f6 9. exf6 gxf6 10. Bh6 Bd6 11. Nb5 Qe7 12. a4 Rg8 13. Nxd6+ Qxd6 14. c3 Bd7
15. a5 Nc4 16. a6 b6 17. b3 N4a5 18. g3 O-O-O 19. Be2 e5 20. dxe5 fxe5 21. Bg5
Rde8 22. Be3 d4 23. cxd4 exd4 24. Bf4 Qb4+ 25. Kf1 Qxb3 26. Nd2 Qxd1+ 27. Bxd1
Ne5 28. Bh5 Re6 29. Kg1 c5 30. Kh2 Be8 31. Rhe1 Bxh5 32. Bxe5 Nc6 33. Bf4 Rge8
34. Rec1 Nb4 35. Nb3 Nd3 36. Nxd4 Nxf4 37. gxf4 Rg6 38. Ra3 Rg4 39. Nf5 Rf8 40.
Ng3 Rxh4+ 41. Kg1 Rfxf4 42. Re1 Rf7 43. Re6 Bg6 44. Rae3 Kd7 45. Ne2 Rg4+ 46.
Kh1 Bd3 47. Nc3 Rfg7 0-1

[Event "SWE-ch"]
[Site "Linkoping"]
[Date "2001.07.04"]
[Round "4"]
[White "Cramling, Pia"]
[Black "Hector, Jonny"]
[Result "0-1"]
[WhiteElo "2492"]
[BlackElo "2532"]
[PlyCount "120"]
[EventDate "2001.06.30"]
[Source "ChessBase"]

1. d4 d5 2. Nf3 Nf6 3. c4 c6 4. e3 Bf5 5. Nc3 e6 6. Nh4 Be4 7. f3 Bg6 8. Qb3
Qb6 9. Nxg6 hxg6 10. Bd2 Nbd7 11. O-O-O Be7 12. Be2 c5 13. Qxb6 Nxb6 14. Nb5
O-O 15. cxd5 exd5 16. Kb1 a6 17. Nc3 Rfe8 18. Rhe1 Rac8 19. Bf1 cxd4 20. exd4
Nc4 21. Bxc4 dxc4 22. Bg5 Kf8 23. d5 Bd6 24. Bxf6 gxf6 25. Ne4 Bb4 26. Nc3 Rxe1
27. Rxe1 Bxc3 28. bxc3 Rd8 29. Rd1 Ke7 30. Rd4 b5 31. h4 Kd6 32. a4 Re8 33.
axb5 axb5 34. Rf4 f5 35. g4 Re1+ 36. Kc2 Re2+ 37. Kc1 Rg2 38. h5 gxh5 39. gxh5
Rg5 40. h6 Rh5 41. h7 Ke5 42. Rd4 Rxh7 43. d6 Rh8 44. f4+ Ke6 45. Rd2 f6 46.
Kb2 Rd8 47. Ka3 Rxd6 48. Re2+ Kd7 49. Kb4 Kc6 50. Re8 Rd1 51. Rc8+ Kd7 52. Rb8
Rf1 53. Rxb5 Rxf4 54. Rc5 Ke6 55. Kb5 Rg4 56. Rxc4 f4 57. Rb4 Kf5 58. Rb1 f3
59. c4 Ke4 60. c5 f2 0-1

[Event "SWE-ch"]
[Site "Linkoping"]
[Date "2001.07.06"]
[Round "7"]
[White "Hector, Jonny"]
[Black "Barkhagen, Jonas"]
[Result "0-1"]
[WhiteElo "2546"]
[BlackElo "2456"]
[PlyCount "56"]
[EventDate "2001.06.30"]
[Source "ChessBase"]

1. e4 e5 2. Nf3 Nc6 3. d4 exd4 4. Nxd4 Nf6 5. Nxc6 bxc6 6. e5 Qe7 7. Qe2 Nd5 8.
c4 Nb6 9. Nd2 Bb7 10. f4 c5 11. Nf3 O-O-O 12. a4 d6 13. a5 Nd7 14. Ra3 g6 15.
g3 Bh6 16. a6 Bc6 17. Bh3 dxe5 18. O-O f5 19. Nxe5 Nxe5 20. Re3 Qd7 21. Rxe5
Bg7 22. Rd5 Bxd5 23. cxd5 Rhe8 24. Qc2 Qxd5 25. Bg2 Qd3 26. Bb7+ Kb8 27. Qg2
Re2 28. Qh3 Rd5 0-1

[Event "SWE-ch"]
[Site "Linkoping"]
[Date "2001.07.10"]
[Round "10"]
[White "Hector, Jonny"]
[Black "Olsson, Anders"]
[Result "0-1"]
[WhiteElo "2546"]
[BlackElo "2265"]
[PlyCount "60"]
[EventDate "2001.06.30"]
[Source "ChessBase"]

1. e4 e6 2. d4 d5 3. Nc3 Bb4 4. Nge2 Nc6 5. a3 Ba5 6. e5 f6 7. Nf4 g6 8. Bb5
fxe5 9. Bxc6+ bxc6 10. dxe5 c5 11. O-O Ne7 12. Qg4 Nf5 13. Nd3 Bb6 14. Bg5 Qd7
15. Bf6 O-O 16. Nf4 Rxf6 17. exf6 Qf7 18. Qg5 Bd7 19. Nd3 h6 20. Qf4 g5 21. Qf3
Nh4 22. Qg4 Rd8 23. a4 a5 24. Ne5 Qxf6 25. f4 Nf5 26. Nxd7 Rxd7 27. fxg5 Qd4+
28. Qxd4 cxd4 29. Na2 d3+ 30. Kh1 Ng3+ 0-1

[Event "Pyramiden Franken op 4th"]
[Site "Fuerth"]
[Date "2001.08.24"]
[Round "7"]
[White "Hector, Jonny"]
[Black "Doettling, Fabian"]
[Result "0-1"]
[WhiteElo "2552"]
[BlackElo "2518"]
[PlyCount "72"]
[EventDate "2001.08.18"]
[Source "ChessBase"]

1. e4 c6 2. d4 d5 3. Nd2 dxe4 4. Nxe4 Bf5 5. Ng3 Bg6 6. h4 h6 7. Nf3 Nd7 8. Bd3
Bxd3 9. Qxd3 Ngf6 10. Bf4 Qa5+ 11. Bd2 Qc7 12. O-O-O e6 13. Qe2 O-O-O 14. Ne5
Nb6 15. Ba5 Rd5 16. Bxb6 axb6 17. f4 c5 18. Qc4 Bd6 19. Ne2 Rd8 20. Rhf1 b5 21.
Qc3 Ne4 22. Qe3 f5 23. Nf3 cxd4 24. Nfxd4 Bc5 25. Rd3 Qa5 26. a3 b4 27. Rfd1
bxa3 28. Rxa3 Bxa3 29. bxa3 Kb8 30. Kb2 Qb6+ 31. Ka1 Qc5 32. Rd3 Rc8 33. Rb3
Qc4 34. Rb4 Qa6 35. Ka2 Rdc5 36. Rb3 Rxc2+ 0-1

[Event "Jonsson mem op"]
[Site "Reykjavik"]
[Date "2001.10.24"]
[Round "2"]
[White "Halldorsson, Jon Arni"]
[Black "Hector, Jonny"]
[Result "0-1"]
[WhiteElo "2143"]
[BlackElo "2528"]
[PlyCount "88"]
[EventDate "2001.10.23"]
[Source "ChessBase"]

1. d4 d5 2. c4 e6 3. Nf3 Nf6 4. g3 Bb4+ 5. Bd2 Be7 6. Bg2 c6 7. Qc2 O-O 8. O-O
b6 9. b3 Bb7 10. Bc3 Nbd7 11. Nbd2 Rc8 12. e4 c5 13. exd5 exd5 14. Qb2 dxc4 15.
dxc5 Nxc5 16. Nxc4 Na4 17. bxa4 Rxc4 18. Ne5 Bxg2 19. Nxc4 Bxf1 20. Rxf1 Qd3
21. Ne3 Rc8 22. Be5 Qe4 23. Qd4 Bc5 24. Rc1 Re8 25. Qxe4 Nxe4 26. Bf4 g5 27.
Bc7 Bxe3 28. fxe3 Rc8 29. Kg2 f5 30. Rc6 Kf7 31. Rh6 Nf6 32. Be5 Rc2+ 33. Kg1
Ng4 34. Rxh7+ Ke6 35. Rc7 Rxa2 36. Bd4 Kd5 37. h3 Nh2 38. Rxa7 Ke4 39. h4 Kf3
40. Rf7 Kg4 41. Bxb6 Kxg3 42. Bc7+ f4 43. Bxf4+ gxf4 44. Rg7+ Kf3 0-1

[Event "Jonsson mem op"]
[Site "Reykjavik"]
[Date "2001.10.29"]
[Round "6"]
[White "Gunnarsson, Arnar"]
[Black "Hector, Jonny"]
[Result "0-1"]
[WhiteElo "2289"]
[BlackElo "2528"]
[PlyCount "73"]
[EventDate "2001.10.23"]
[Source "ChessBase"]

1. c4 Nf6 2. Nc3 e5 3. Nf3 Nc6 4. e3 Bb4 5. Qc2 O-O 6. Nd5 Be7 7. a3 d6 8.
Nxf6+ Bxf6 9. Be2 a5 10. O-O a4 11. d3 Be6 12. Bd2 Na5 13. Bc3 c5 14. Nd2 b5
15. Bxa5 Qxa5 16. Ne4 Be7 17. Nc3 bxc4 18. dxc4 Rfb8 19. Rfd1 Rb3 20. Rab1 Rab8
21. Nb5 Qb6 22. Rd2 g6 23. Rbd1 d5 24. cxd5 Bf5 25. e4 Bd7 26. d6 Bg5 27. Nc3
Bxd2 28. Qxd2 Rxb2 29. Qd5 Rc2 30. Qd3 Qb3 31. Nd5 Kg7 32. Qa6 Qb2 33. Bf1 Rc1
34. Ne3 Rxd1 35. Nxd1 Qd2 36. Qa7 Rb1 37. Qxc5 0-1